[Event "Tata Steel-A 80th"]
[Site "Wijk aan Zee"]
[Date "2018.01.21"]
[Round "8"]
[White "Carlsen, Magnus"]
[Black "Jones, Gawain C B"]
[Result "1-0"]
[WhiteElo "2834"]
[BlackElo "2640"]
[Annotator "Nielsen,Peter Heine"]
[PlyCount "83"]
[EventDate "2018.01.13"]
[EventType "tourn"]
[EventRounds "13"]
[EventCountry "NED"]
[EventCategory "20"]
[SourceTitle "CBM 183"]
[Source "ChessBase"]
[SourceDate "2018.03.14"]
[SourceVersion "1"]
[SourceVersionDate "2018.03.14"]
[SourceQuality "1"]

1. e4 {Golubev,M} c5 {A slight surprise as recently Jones have preferred the
indeed more solid 1...e5. But as these days publicity is what matters even
Nakamura played the Dragon in order just to get in one funny tweet, why
wouldn't Jones use his opportunity at the stage vs. the World Champion to
advertise his two books on the subject?} 2. Nf3 d6 3. d4 $5 {Somewhat
impratical, as one could argue Magnus would be an even bigger favourite if a
theoretical battle was out of the picture with any random move like 3.Bb5+,
but again, that would indeed be predictable.} cxd4 4. Nxd4 Nf6 5. Nc3 g6 6. Be3
Bg7 7. f3 Nc6 8. Qd2 O-O 9. O-O-O {A few years back when Magnus himself played
the Dragon as Black 9.Bc4 was the line he was most tested in, but Leko did
play this move agianst him in their match at Miskolic 2008.} d5 10. Qe1 $5 {
This is the pet-line that Leko used to cause get opening advantages yet no
wins against Magnus in the match, but later both did collect the full point
against Lawrence Trent at Isle of Mans.} e5 {On my own repertoire DVD I
recommended 10...e6 for Black, but since then White has found improvements and
in his book Jones rightfully preferred 10...e5.} 11. Nxc6 bxc6 12. exd5 Nxd5 {
Magnus took with the c-pawn - 12...cxd5 - but after 13.Bg5 Be6 14.Bc4 it has
now been established that Black just suffers, which the games illustrated well.
} 13. Bc4 Be6 14. Kb1 $5 {Especially two games by Wei Yi in 2013 made this
particular move popular as Black just seemed to suffer. In his book Jones
recommends 14...Rb8 which even was played shortly after this game in Gibraltar
against Duda. Gawain however cunningly deviates from his own recommendation,
obviously taking the World Champion by surprise, as he now started spending
considerable amounts of times for his next moves:} Re8 $5 15. Ne4 f5 $1 {
A strong novelty.} 16. Ng5 Bc8 $1 {This is the point. Surprisingly there is no
way White can really exploit Black's loss of time.  From a practical point of
view its tempting for White to try and find a move that might push Black out
of his preparations and force "man vs. man" situations, and after a few
minutes Magnus lashed out with:} 17. g4 $4 {This is logical, as after 17...h6
18.Ne4 why wouldn't it be better that White immediately threatened to open the
gfile? However 17.h4 was not only an aggressive move, it also had the
advantage of protecting the knight at g5, which means that after...} ({The
computer indicates the logical} 17. h4 {but concluding that after} Rb8 $5 {
willingly sacrificing the a7-pawn, Black has sufficient counterplay:} 18. Bb3
h6 19. c4 hxg5 20. cxd5 Rxb3 $1 {being a principled line.}) ({One more idea is
} 17. Bb3 $5 {Golubev,M} f4 18. h4 ({Black should be able to survive also} 18.
Ne4 fxe3 19. c4 Be6 $1 20. cxd5 cxd5 21. Qxe3 $11) 18... fxe3 19. c4 e4 $5 20.
cxd5 Qf6 {and White has an easy draw, for example,} 21. dxc6+ Kh8 22. Nf7+ Kg8
23. Ng5+ {(where Black should avoid} Be6 $2 24. Bxe6+ Rxe6 25. Qb4 $1 $18 {
) but probably no more. Hopefully, Black is OK everywhere. But before entering
all these lines in a practical game, the safest is to check them with
AlphaZero. One way or another, one can see how dangerous is to play the Dragon
these days, if your opponent isn't a lazy world champ but someone who is well
prepared.}) 17... f4 $1 {...the shocking reality is that Black is winning a
piece! Magnus in an interview afterwards admitting to that simply having
blundered.} 18. h4 $5 {After all Fischer had a point. It's all about h4-h5 and
mate against the Dragon!} ({Else a possible explanation could be invented that
} 18. Bxf4 exf4 19. Rxd5 cxd5 $1 ({but not} 19... Rxe1+ 20. Rd1+ $1) 20. Bxd5+
Qxd5 21. Qxe8+ Bf8 {is sufficient as Black's queen covers the f7-square thus
leaving White with no effective follow up. Even more interesting, online
spectators where speculating that Magnus was inspired by the sensational
attacking games of Alphazero where material considerations seemed to be less
important to artificial intelligence that humans so far had seemed to
appreciate. Still right now that's a stretch, Black is just a piece up and
resignation would in principle be a viable option for White, but as the World
Champion stated in the post game interview that the psychological situation
had completely changed. White has indeed lost a piece, but also any kind of
expectations for a result, while for Jones obviously the reverse must have
been true. All pressure is now on the Englishman:}) 18... fxe3 19. Qxe3 h6 20.
Qc5 Bb7 $1 {Objectively the strongest move,} ({but} 20... hxg5 {was worth
considering. White gets back one piece with some interest after} 21. Qxc6 Be6
22. Bxd5 Bxd5 23. Rxd5 {but} Qb6 24. Qc4 Qe6 $1 {while being less advantages
based on engine-evalution still should be plenty to win the game as after} 25.
hxg5 e4 {the black Dragon bishop comes to life and after all, is an extra
piece!}) 21. Ne4 Re6 22. h5 Qb6 $2 {Somewhat understandably Gawain wants ot
exchange queens, and simultaneously puts it on a logical square eying the
b-pawn in the open b-line.} ({However} 22... g5 $1 {would effectively shut
down White's counterplay on the kingside, and while it does weaken the
f5-square and the white squares in general, its not nearly enough for a piece.}
) {Now however:} 23. g5 $1 {Norwegian Grandmaster Johan Salomon got it spot on
here, while tweeting that things has turned 180 degrees predicting a white win,
while the engines indeed still shows Black is safely winning. Black is still a
piece up, but he has gone from having the kingside under control, to now
entering chaos.} hxg5 $2 ({The primary problem of course is that} 23... Qxc5 {
while it does exchange the queens, does lose material immediately after} 24.
Nxc5 {as} Re7 25. Nxb7 Rxb7 26. Rxd5 $1 {wins.}) (23... Bf8 $1 {would have
prevented White's next move, and while} 24. Qg1 $1 Qxg1 25. Rdxg1 {still is a
decent initiative for White, the lack of queens does make a noticeable
difference.}) 24. Qa3 Rb8 25. b3 $1 {A great move. Sure it blocks White's
queen from the 3rd rank, but it can be regrouped via c1 if neccesary, and
mainly now it's all about king safety: Black's will be exposed, while White
now having removed the weakness of b2, to the safely defended b3, will not
have to bother in the sligthest about a black counterattack in the process.
Stockfish despite being a piece down already gives 0.00 indicating equality,
but I'm sure, were Alphazero not busy with new important research projects, it
would tell us White already is winning as his long-term initiative is
unstoppable.} Qd8 {Technically the losing move. 25...gxh5 or 25...g4 was a
better chance.} 26. Qxa7 $1 {It's not so much the pawn, but more the attack
along the 7th rank that matters, as well as again the queen could go to g1
attacking along the g-file if need be.} gxh5 27. Rxh5 Rg6 28. Rxg5 Rxg5 29.
Nxg5 {Exploiting that the rook on b8 is unprotected should Black take the
knight on g5.} Qc8 30. Rg1 Ra8 31. Qb6 Ra6 32. Qc5 Qd7 33. Ne4 Kh8 34. Qf2 Qe7
35. Bxa6 {Direct attack also would have decided the game, but almost with a
touch of irony, Magnus gets materialistic in the end.} Bxa6 36. Qh2+ Kg8 37.
Qh6 Qa7 38. Qe6+ Kf8 39. Rg5 Ne3 40. Qd6+ Kf7 41. Nc5 Bc8 42. Rxg7+ {As 42...
Kxg7 43.Qxe5+ followed by 44.Qxe3 leaves White a healthy 3 pawns up, Black
resigned.} 1-0

[Event "Tata Steel-A 80th"]
[Site "Wijk aan Zee"]
[Date "2018.01.21"]
[Round "8"]
[White "Hou, Yifan"]
[Black "Caruana, Fabiano"]
[Result "0-1"]
[WhiteElo "2680"]
[BlackElo "2811"]
[Annotator "Roiz,M"]
[PlyCount "116"]
[EventDate "2018.01.13"]
[EventType "tourn"]
[EventRounds "13"]
[EventCountry "NED"]
[EventCategory "20"]
[SourceTitle "CBM 183"]
[Source "ChessBase"]
[SourceDate "2018.03.14"]
[SourceVersion "1"]
[SourceVersionDate "2018.03.14"]
[SourceQuality "1"]

1. e4 e5 2. Nf3 Nc6 3. Bb5 a6 {Fabiano also has rich experience in the Berlin,
but this time he chooses the Classical Ruy Lopez.} 4. Ba4 Nf6 5. O-O Be7 6. Re1
b5 7. Bb3 d6 8. c3 O-O 9. h3 Na5 10. Bc2 c5 11. d4 Nd7 12. d5 {This is one of
most ambitious ways of handling the position - White manages to seize a lot of
space.} Nb6 13. Nbd2 Bd7 (13... f5 14. exf5 Bxf5 15. Bxf5 Rxf5 16. Ne4 {
was also tested on the highest level. The control over the e4-spot offers
White a small, but stable advantage.}) 14. Nf1 Nb7 15. b3 {Quite a flexible
continuation - the f1-knight might have better prospects than being placed on
g3.} (15. Ng3 g6 16. Bh6 Re8 17. b3 a5 18. Qe2 b4 19. c4 (19. Bd2 $5) 19... a4
$132 {Hansen,E - Naroditsky,D Reykjavik 2015}) 15... a5 $146 {This innovation
hardly makes Black's position more attractive.} ({After} 15... c4 16. b4 (16.
Be3 Qc7 17. b4 a5 18. a3 Ra6 $132) 16... a5 17. g4 axb4 18. cxb4 Na4 {
Kryvoruchko,Y - Polgar,J Achaea 2012, Black was fine.}) 16. Rb1 $1 {Possibly,
this prophylactic move was underestimated by GM Caruana. Now it's difficult
for Black to make any progress on the q-side.} c4 $6 {An over-optimistic
decision.} ({In the event of} 16... Qc7 17. Ne3 a4 18. b4 Rac8 19. Bd2 $14 {
Black wouldn't have much counter-play, but it was still a better option.}) 17.
bxc4 $1 Nxc4 18. a4 {The poor location of the b7-knight makes it impossible to
protect the pawn.} Qc7 19. axb5 $16 {White is a sound pawn up, though the play
is quite complex.} Nb6 20. Be3 (20. Bd2 a4 21. Rb4 a3 22. Qe2 $16) 20... Rfc8
21. Bd3 Nc5 22. Re2 $6 (22. Qe2 $142 a4 23. Rb4 $16 {White would be able to
limit Black's counterplay and keep a sound extra pawn.}) 22... a4 $2 {Fabiano
is returning the favour.} ({The correct way was} 22... Nba4 $1 23. Rc2 (23. Rc1
Nxd3 24. Qxd3 Qc4 25. Qxc4 Rxc4 26. Rec2 Bxb5 27. N1d2 Rcc8 $11) 23... Rab8 {
, obtaining significant counterplay.}) 23. Ra2 {Now Hou Yifan is in control
again.} Bd8 24. Bc2 Nc4 ({Possibly, a better move was} 24... a3 25. N3d2 Nca4
26. Bxb6 Nxb6 27. Rb3 Qc5 28. Bd3 $16) 25. N3d2 Nxe3 26. Nxe3 {As a result of
Black's over-optimistic play, the a4-pawn should also fall soon.} Rcb8 27. c4
Qc8 28. Ra3 $6 {The first step in the wrong direction.} ({There was no reason
for leaving the opponent's passer:} 28. Bxa4 Ba5 29. Bb3 $18 {there is still
plenty of play ahead, but White's position is winning.}) 28... Ba5 29. Ndf1 Bb6
30. Ng3 (30. Rba1 Qd8 31. Qf3 Qh4 32. Nf5 Bxf5 33. Qxf5 g6 34. Qf3 $16) 30...
Qd8 31. Nef5 {This is not a real mistake yet, but White is wrongly focussed on
the kingside attack...} (31. Qf3 g6 32. Ne2 $16) 31... g6 32. Nh6+ ({Perhaps,
it was better to admit the mistake:} 32. Ne3 Qg5 33. Rba1 Rf8 34. Kh1 {and it
would be still difficult for Fabiano to make any real progress on the kingside.
}) 32... Kg7 33. Qd2 $2 (33. Ng4 Qg5 34. Ne3 Rf8 35. Qc1 $14 {White would
still have no risk.}) 33... Qh4 {Now White is losing an important pawn, so the
Kg1 is getting exposed.} 34. Ng4 Bxg4 35. hxg4 Qxg4 $17 {The situation has
completely changed - now White is in big danger.} 36. Kf1 $2 {A decisive
mistake.} (36. Qe2 Qh4 37. Nf1 $17) 36... Qh4 37. Ke2 h5 38. Kf1 {Admitting
the mistake - the Ke2 was helpless.} Rh8 39. Rba1 Qf6 (39... Rhc8 $5 40. Bxa4
Nxe4 41. Nxe4 Qxe4 42. Bb3 Rxa3 43. Rxa3 Qh4 $19) 40. Rf3 Qe7 41. Ne2 ({
The most stubborn way was} 41. Kg1 Nd7 42. Nf1 Bc5 {, but even then Black's
position seems winning from a positional point of view.}) 41... Nb3 $1 42. Bxb3
axb3 43. Ra6 Rxa6 44. bxa6 Ra8 45. Rxb3 Rxa6 {There is nothing ca be done
against the penetration of Black's major pieces.} 46. g3 h4 47. gxh4 (47. Kg2
h3+ 48. Kxh3 Bxf2 49. Kg2 Qa7 $19) 47... Qxh4 48. Ng3 Bxf2 49. Qxf2 Qh3+ 50.
Ke2 Ra2+ {The rest is just an agony.} 51. Ke1 Rxf2 52. Nf5+ Qxf5 53. exf5 Rxf5
54. Rb6 Rf4 55. Rc6 g5 56. Ke2 Rd4 57. Kf3 f6 58. Rxd6 Rxc4 0-1

[Event "Tata Steel-A 80th"]
[Site "Wijk aan Zee"]
[Date "2018.01.21"]
[Round "8"]
[White "Kramnik, Vladimir"]
[Black "So, Wesley"]
[Result "1/2-1/2"]
[WhiteElo "2787"]
[BlackElo "2792"]
[PlyCount "56"]
[EventDate "2018.01.13"]
[EventType "tourn"]
[EventRounds "13"]
[EventCountry "NED"]
[EventCategory "20"]
[SourceTitle "CBM 183"]
[Source "ChessBase"]
[SourceDate "2018.03.14"]
[SourceVersion "1"]
[SourceVersionDate "2018.03.14"]
[SourceQuality "1"]
[TimeControl "40/6000+30:20/3000+30:900+30"]

1. Nf3 {[%emt 0:00:00]} d5 {[%emt 0:00:07]} 2. g3 {[%emt 0:00:00]} Nf6 {
[%emt 0:02:02]} 3. Bg2 {[%emt 0:00:10]} e6 {[%emt 0:01:30]} 4. O-O {[%emt 0:00:
14]} Be7 {[%emt 0:00:49]} 5. c4 {[%emt 0:00:21]} O-O {[%emt 0:01:05]} 6. d4 {
[%emt 0:00:26]} dxc4 {[%emt 0:00:56]} 7. Qa4 {[%emt 0:00:54]} a6 {[%emt 0:00:
29]} 8. Qxc4 {[%emt 0:00:30]} b5 {[%emt 0:00:05]} 9. Qc2 {[%emt 0:00:03]} Bb7 {
[%emt 0:00:04]} 10. Bd2 {[%emt 0:00:13]} Be4 {[%emt 0:00:27]} 11. Qc1 {[%emt 0:
02:21]} c6 {[%emt 0:00:10]} 12. Rd1 {[%emt 0:00:58]} Nbd7 {[%emt 0:01:55]} 13.
Nc3 {[%emt 0:02:42]} Bg6 {[%emt 0:00:05]} 14. Bg5 {[%emt 0:01:33]} Rc8 {
[%emt 0:07:30]} 15. a3 {[%emt 0:05:02]} a5 {[%emt 0:07:37]} 16. h4 {[%emt 0:29:
52]} h6 {[%emt 0:08:29]} 17. Bxf6 {[%emt 0:02:14]} Bxf6 {[%emt 0:00:09]} 18.
Qe3 {[%emt 0:03:33]} Qb6 {[%emt 0:05:15]} 19. Ne4 {[%emt 0:02:51]} Be7 {
[%emt 0:08:09]} 20. Rac1 {[%emt 0:03:20]} Rfd8 {[%emt 0:00:25]} 21. Nc5 {
[%emt 0:19:32]} Nxc5 {[%emt 0:08:52]} 22. Ne5 {[%emt 0:00:14]} Nd7 {[%emt 0:07:
29]} 23. Nxg6 {[%emt 0:02:46]} Bf6 {[%emt 0:03:30]} 24. g4 {[%emt 0:12:54]} c5
{[%emt 0:17:41]} 25. dxc5 {[%emt 0:04:38]} Rxc5 {[%emt 0:01:41]} 26. Rxc5 {
[%emt 0:01:10]} Qxc5 {[%emt 0:04:36]} 27. Rxd7 {[%emt 0:00:42]} Qxe3 {[%emt 0:
00:03]} 28. Rxd8+ {[%emt 0:00:04]} Bxd8 {[%emt 0:00:04]} 1/2-1/2

[Event "Tata Steel-A 80th"]
[Site "Wijk aan Zee"]
[Date "2018.01.21"]
[Round "8"]
[White "Svidler, Peter"]
[Black "Anand, Viswanathan"]
[Result "1/2-1/2"]
[WhiteElo "2768"]
[BlackElo "2767"]
[PlyCount "54"]
[EventDate "2018.01.13"]
[EventType "tourn"]
[EventRounds "13"]
[EventCountry "NED"]
[EventCategory "20"]
[SourceTitle "CBM 183"]
[Source "ChessBase"]
[SourceDate "2018.03.14"]
[SourceVersion "1"]
[SourceVersionDate "2018.03.14"]
[SourceQuality "1"]
[TimeControl "40/6000+30:20/3000+30:900+30"]

1. c4 {[%emt 0:00:00]} c5 {[%emt 0:00:08]} 2. Nf3 {[%emt 0:00:00]} Nc6 {
[%emt 0:00:13]} 3. Nc3 {[%emt 0:01:07]} Nf6 {[%emt 0:00:18]} 4. e3 {[%emt 0:01:
26]} e6 {[%emt 0:01:37]} 5. d4 {[%emt 0:01:43]} d5 {[%emt 0:00:34]} 6. a3 {
[%emt 0:00:25]} a6 {[%emt 0:02:32]} 7. dxc5 {[%emt 0:01:48]} Bxc5 {[%emt 0:00:
09]} 8. b4 {[%emt 0:00:08]} Bd6 {[%emt 0:07:53]} 9. Bb2 {[%emt 0:04:23]} O-O {
[%emt 0:03:37]} 10. cxd5 {[%emt 0:06:13]} exd5 {[%emt 0:00:43]} 11. Be2 {
[%emt 0:00:06]} Be6 {[%emt 0:04:10]} 12. O-O {[%emt 0:02:00]} Qe7 {[%emt 0:00:
58]} 13. Rc1 {[%emt 0:07:26]} a5 {[%emt 0:08:51]} 14. Nb5 {[%emt 0:04:25]} Bb8
{[%emt 0:00:50]} 15. bxa5 {[%emt 0:02:57]} Nxa5 {[%emt 0:04:14]} 16. Bxf6 {
[%emt 0:11:06]} Qxf6 {[%emt 0:00:42]} 17. Nc7 {[%emt 0:00:29]} Bxc7 {[%emt 0:
01:06]} 18. Rxc7 {[%emt 0:00:05]} Rac8 {[%emt 0:09:09]} 19. Rxc8 {[%emt 0:03:
47]} Rxc8 {[%emt 0:00:25]} 20. Nd4 {[%emt 0:00:07]} Nc4 {[%emt 0:03:46]} 21.
Nxe6 {[%emt 0:05:10]} fxe6 {[%emt 0:00:31]} 22. e4 {[%emt 0:00:44]} d4 {
[%emt 0:02:06]} 23. Bxc4 {[%emt 0:03:34]} Rxc4 {[%emt 0:00:22]} 24. Qb3 {
[%emt 0:00:03]} Rc7 {[%emt 0:00:09]} 25. f4 {[%emt 0:00:41]} h6 {[%emt 0:02:07]
} 26. f5 {[%emt 0:01:01]} Re7 {[%emt 0:00:43]} 27. fxe6 {[%emt 0:02:40]} Qxe6 {
[%emt 0:00:18]} 1/2-1/2

[Event "Tata Steel-A 80th"]
[Site "Wijk aan Zee"]
[Date "2018.01.21"]
[Round "8"]
[White "Wei, Yi"]
[Black "Matlakov, Maxim"]
[Result "1/2-1/2"]
[WhiteElo "2743"]
[BlackElo "2718"]
[PlyCount "51"]
[EventDate "2018.01.13"]
[EventType "tourn"]
[EventRounds "13"]
[EventCountry "NED"]
[EventCategory "20"]
[SourceTitle "CBM 183"]
[Source "ChessBase"]
[SourceDate "2018.03.14"]
[SourceVersion "1"]
[SourceVersionDate "2018.03.14"]
[SourceQuality "1"]
[TimeControl "40/6000+30:20/3000+30:900+30"]

1. e4 {[%emt 0:00:00]} e5 {[%emt 0:00:09]} 2. Nf3 {[%emt 0:00:00]} Nc6 {
[%emt 0:00:05]} 3. Nc3 {[%emt 0:00:00]} Nf6 {[%emt 0:00:18]} 4. d4 {[%emt 0:00:
02]} exd4 {[%emt 0:01:01]} 5. Nxd4 {[%emt 0:00:14]} Bb4 {[%emt 0:00:35]} 6.
Nxc6 {[%emt 0:00:13]} bxc6 {[%emt 0:00:06]} 7. Bd3 {[%emt 0:00:09]} d5 {
[%emt 0:01:00]} 8. exd5 {[%emt 0:01:43]} O-O {[%emt 0:00:09]} 9. O-O {[%emt 0:
01:09]} cxd5 {[%emt 0:00:05]} 10. Bg5 {[%emt 0:01:41]} c6 {[%emt 0:02:44]} 11.
Qf3 {[%emt 0:02:47]} Bd6 {[%emt 0:08:34]} 12. Rae1 {[%emt 0:03:52]} Rb8 {
[%emt 0:05:30]} 13. Nd1 {[%emt 0:03:56]} h6 {[%emt 0:03:53]} 14. Bxf6 {[%emt 0:
00:23]} Qxf6 {[%emt 0:00:13]} 15. Qxf6 {[%emt 0:00:07]} gxf6 {[%emt 0:00:03]}
16. b3 {[%emt 0:01:18]} a5 {[%emt 0:09:01]} 17. Ne3 {[%emt 0:01:12]} Bb4 {
[%emt 0:13:32]} 18. Re2 {[%emt 0:00:18]} a4 {[%emt 0:05:34]} 19. Nf5 {[%emt 0:
01:21]} Bxf5 {[%emt 0:05:09]} 20. Bxf5 {[%emt 0:00:09]} Rfd8 {[%emt 0:05:05]}
21. Re3 {[%emt 0:05:47]} axb3 {[%emt 0:03:52]} 22. axb3 {[%emt 0:00:11]} c5 {
[%emt 0:04:55]} 23. Rg3+ {[%emt 0:02:31]} Kf8 {[%emt 0:03:01]} 24. Rh3 {
[%emt 0:02:27]} Kg7 {[%emt 0:00:27]} 25. Rg3+ {[%emt 0:00:06]} Kf8 {[%emt 0:00:
06]} 26. Rh3 1/2-1/2